000 06040nam a2200577 i 4500
001 302
003 gtuscu
005 20260316155556.0
007 ta
008 250212b2006 gt ab||| |||| 001 0 spa d
040 _agtuscu
_bspa
_cgtuscu
_dgtuscu
_erda
082 0 4 _aCEUR 711 C718
100 1 _aColom Argueta, Manuel,
_d1932-1979 ;
_ecreador
245 _aPolíticas públicas, legislación, conflicto social, regulación del suelo urbano y proceso de urbanización en Guatemala /
_cManuel Colom Argueta, Mario Rodas Marotta, Amanda Morán Mérida y Jorge Aragón González; revisor y editor Mario Alfonso Bravo Soto.
264 1 _aGuatemala :
_bUniversidad de San Carlos de Guatemala, Centro de Estudios Urbanos y Regionales,
_c2006.
300 _a206 páginas :
_bIlustraciones blanco y negro ;
_c20.5 cm
336 _2rdacontenido
_atexto
_btxt
337 _2rdamedio
_asin mediación
_bn
338 _2rdasoporte
_avolumen
_bnc
490 _aEl proceso de urbanización en Guatemala 1944-2002 ;
_vVolumen I.
500 _aEdición preliminar del texto: La legislación urbana en Guatemala y su incidencia en la configuaración territorial Dr. Enrique Gordillo Castillo.
505 0 _gPresentación
505 0 _gManuel Colom Argueta
_tLa legislación urbana en Guatemala y su incidencia en la configuración territorial
505 0 _gIntroducción
505 0 _gI
_tEl Régimen Jurídico-Político en Guatemala --
505 0 _gII
_tEl papel del Estado y el cáracter de su intervención en el desarrollo urbano en Guatemala.
505 0 _gMario Rodas Marotta - Amanda Morán Mérida
_tEl conflicto social, la legislación y la regulación urbana en Guatemala
505 0 _gIntroducción
505 0 _gI
_tEl Marco Jurídico urbano Guatemalteco --
505 0 _gII
_tEl contexto social de la regulación urbana --
505 0 _gIII
_tConflicto social y regulación urbana --
505 0 _gIV
_tOmisiones en la legislación y regulación urbana.
505 0 _gReflexiones finales
505 0 _gBibliografía
505 0 _gJorge Aragón González
_tPolíticas y legislación en torno al suelo urbano y su relación con el proceso de urbanización en Guatemala 1944-2002
505 0 _gIntroducción
505 0 _gI
_tPolíticas públicas y planificación para el Desarrollo --
505 0 _gII
_tLegislación, Política y Urbanismo --
505 0 _gIII
_tUrbanización y Acuerdos de Paz.
505 0 _gReflexiones finales
505 0 _gBibliografía.
520 3 _aEl volumen que hoy ponemos en sus manos incluye tres estudios sobre el tema de la legislación y planificación urbana. El primero, es un trabajo inédito desarrollado por el Lic. Manuel Colom Argueta cuando formaba parte del equipo de investigadores del CEUR. Este estudio presenta una visión de la legislación urbana desde la valiosa experiencia del autor como Alcalde durante el período 1970-1974, es una de las mejores administraciones municipales que ha tenido la Ciudad de Guatemala, por lo cual constituye un documento por demás inestimable. El alevoso asesinato de Manuel Colom Argueta, el 22 de marzo de 1979, truncó la finalización de este estudio, dejándolo como un borrador que seguiría completando y profundizando. Sin embargo, quedaron plasmadas con clara lucidez sus ideas básicas sobre el contexto político en el que se formuló el marco jurídico urbano desde la época de la independencia, el papel de los sectores que concentran la tierra y el problema de la vivienda. Al hacer referencia de que encabezó una de las mejores gestiones edilcias, nos basamos en que ésta representó avances positivos en cuanto a regulación urbana, dotación de servicios básicos e infraestructura vial con visión a largo plazo, sin los cuales los problemas de congestión vial y de las aguas servidas que presenta actualmente la ciudad de Guatemala, hubieran colapsado. Se preocupó también por la dotación de servicios básicos de agua y saneamiento en las colonias promovidas por lotificadores privados que habían incumplido con éstos. Fue el primer alcalde que inicio las intervenciones municipales de tales colonias, como lo establece la Ley de Parcelamiento Urbanos. Cómo si esto fuera poco, esta administración edil formuló el Estudio de Ordenamiento Metropolitano EDOM, que constituye hoy la iniciativa más completa de planificación con una visión metropolitana e integral de los problemas de la ciudad. La formulación del EDOM no sólo fue la primera iniciativa de planificación urbana en Guatemala, sino además se realizó con un enfoque a futuro visualizando la conformación de un Área Metropolitana de la magnitud actual. El segundo estudio es resultado de la investigación cofinanciada por nuestro Centro y la Dirección General de Investigación DIGI en el año 1988, denominada "Adaptación de la legislación y regulación urbana a los intereses del sector popular y a la industria de la construcción", realizada por Mario Rodas Marotta y quien suscribe. En éste se hace una revisión de la legislación y la regulación urbana de Guatemala desde 1944 hasta los años ochenta, vinculándola con el conflicto social que presentan las ciudades ante la falta de satisfactores básicos. Finalmente, el tercer estudio se refiere a la planificación desde la óptica del papel del Estado en el ordenamiento de las ciudades, desde el inicio de los Planes de Desarrollo en el año 1955 hasta la firma de los Acuerdos de Paz. Este trabajo fue desarrollado por Jorge Aragón, como parte del tema macro de investigación desarrollado durante el año 2004 en el Centro de Estudios Urbanos y Regionales.
650 1 4 _aUrbanismo
_y1944-2002
_zGuatemala
_2LEMB
650 1 4 _aUrbanismo
_vLegislación
_y1944-2002
_zGuatemala
650 1 4 _aUrbanismo
_vAcuerdos de Paz
_zGuatemala
700 _aRodas Marotta, Mario,
_ecreador
700 _aMorán Mérida, Amanda,
_ecreadora
700 1 _aAragón González, Jorge
_d1976- ;
_ecreador
_918
710 _aBravo Soto, Mario Alfonso,
_erevisor y editor
942 _2ddc
_cBK
_n0
999 _c302
_d302